000 00652nam a2200205Ii 4500
003 JO-AjNU
008 230605s9999||||xx |||||||||||||| ||und||
040 _aJO-AjNU
_bara
_erda
_cJO-AjNU
041 _aara
050 1 4 _aAG196.A7.W3222.2004
100 3 _aالوادي،احمد صلاح /اعداد,
_eauthor
_99690
245 0 0 _aدول وعواصم ومدن: اسئلة واجوبة، ج5
264 3 1 _aد.م،2004
300 _aج5، 94ص
336 _atext
_btxt
_2rdacontent
337 _aunmediated
_bn
_2rdamedia
338 _avolume
_bnc
_2rdacarrier
490 0 _aسلسلة واحة المعرفة
650 4 _aأسئلة وأجوبة
_99691
999 _aA1429
_c4997
_d4997